[Event "Rated Blitz game"]
[Site "?"]
[Date "2021.05.28"]
[Round "?"]
[White "KorabSaraci"]
[Black "PrawnsGambit"]
[Result "1/2-1/2"]
[WhiteElo "2494"]
[BlackElo "2464"]
[PlyCount "161"]
[EventDate "2021.??.??"]
[EventType "blitz"]

1. e4 e5 2. Nf3 d5 3. Nxe5 Bd6 4. d4 dxe4 5. Nc3 Bxe5 6. dxe5 Qxd1+ 7. Kxd1 Nc6
8. Bb5 Bd7 9. Re1 O-O-O 10. Bg5 Nge7 11. Kc1 h6 12. Bxe7 Nxe7 13. Bxd7+ Rxd7
14. Nxe4 Ng6 15. Nc5 Rd5 16. Nd3 Re8 17. f4 f6 18. e6 f5 19. h3 h5 20. Kd2 Rd6
21. e7 Nxf4 22. Kc3 Nxd3 23. cxd3 Rd7 24. Re5 g6 25. Re6 Rd6 26. Rae1 Kd7 27.
R6e5 Rf6 28. d4 Rf7 29. Rd5+ Kc8 30. Rde5 c6 31. Re6 Rg7 32. d5 cxd5 33. Kd4
Kd7 34. Kxd5 Rgxe7 35. Rd6+ Kc7 36. Rc1+ Kb8 37. Rxg6 Rd7+ 38. Rd6 Rxd6+ 39.
Kxd6 Re2 40. Rc5 Rxg2 41. Rxf5 Rd2+ 42. Ke6 Rxb2 43. Rxh5 Rxa2 44. Kd6 Rd2+ 45.
Kc5 a6 46. Rh8+ Ka7 47. h4 Rc2+ 48. Kb4 Rh2 49. h5 Rh4+ 50. Kc5 b6+ 51. Kc6
Rc4+ 52. Kd5 Rc5+ 53. Kd6 a5 54. h6 Rh5 55. Rh7+ Ka6 56. Rh8 Kb5 57. h7 a4 58.
Kc7 Kb4 59. Kxb6 Rh6+ 60. Ka7 a3 61. Rb8+ Kc3 62. h8=Q+ Rxh8 63. Rxh8 a2 64.
Rh3+ Kb2 65. Rh2+ Kb1 66. Rh1+ Kb2 67. Rh2+ Kb3 68. Rh3+ Kb4 69. Kb7 a1=Q 70.
Rh4+ Kc3 71. Rh5 Kc2 72. Rb5 Kc1 73. Rd5 Kb1 74. Rc5 Qb2+ 75. Rb5 Qxb5+ 76. Ka7
Qb4 77. Ka8 Qb3 78. Ka7 Qb2 79. Ka8 Qa2+ 80. Kb8 Qb3+ 81. Kc8 {Time forfeit}
1/2-1/2

[Event "Rated Blitz game"]
[Site "?"]
[Date "2021.05.28"]
[Round "?"]
[White "leva1958"]
[Black "annaly1979"]
[Result "1-0"]
[WhiteElo "2574"]
[BlackElo "2422"]
[PlyCount "111"]
[EventDate "2021.??.??"]
[EventType "blitz"]

1. e4 e5 2. Nf3 d5 3. exd5 e4 4. Qe2 f5 5. d3 Nf6 6. Nc3 Bb4 7. Bd2 Bxc3 8.
Bxc3 O-O 9. dxe4 fxe4 10. Nd4 c5 11. dxc6 Nxc6 12. O-O-O Qe8 13. Nxc6 bxc6 14.
Qc4+ Be6 15. Qc5 Kh8 16. Bc4 Bg4 17. Rde1 Be6 18. Bxf6 Bxc4 19. Bxg7+ Kxg7 20.
Qxc4 Qg6 21. Rxe4 Qf6 22. Rd1 Rad8 23. Rg4+ Kh8 24. Rxd8 Rxd8 25. Qc3 Qxc3 26.
bxc3 Rd5 27. h4 h6 28. g3 Kh7 29. a4 Rc5 30. Kb2 a5 31. c4 Re5 32. Kc3 c5 33.
Rf4 Kg6 34. g4 Re1 35. Rf5 Rf1 36. Rxc5 Rxf2 37. Rxa5 Rf3+ 38. Kb4 Rf4 39. Rd5
Rxg4 40. a5 Rxh4 41. a6 Rf4 42. a7 Rf8 43. Kb5 h5 44. Kb6 h4 45. Kb7 h3 46.
a8=Q Rxa8 47. Kxa8 h2 48. Rd1 Kg5 49. c5 Kf4 50. c6 Kf3 51. c7 Ke2 52. Rh1 Kd2
53. c8=Q Ke3 54. Qg4 Kd2 55. Qg3 Kxc2 56. Rxh2+ {Normal} 1-0

[Event "Rated Blitz game"]
[Site "?"]
[Date "2021.05.28"]
[Round "?"]
[White "TysonT"]
[Black "GoughPhar"]
[Result "1-0"]
[WhiteElo "2396"]
[BlackElo "2465"]
[PlyCount "129"]
[EventDate "2021.??.??"]
[EventType "blitz"]

1. e4 e5 2. Nf3 d5 3. exd5 e4 4. Qe2 Nf6 5. d3 Qxd5 6. Nc3 Bb4 7. Bd2 Bxc3 8.
Bxc3 O-O 9. dxe4 Nxe4 10. Rd1 Nxc3 11. Rxd5 Nxe2 12. Bxe2 Re8 13. Re5 Be6 14.
O-O Nc6 15. Re3 Rad8 16. Rd1 Rxd1+ 17. Bxd1 Rd8 18. Re1 a5 19. a3 f6 20. c3 Kf7
21. h3 b5 22. Be2 Rb8 23. Rd1 b4 24. axb4 axb4 25. Nd4 Nxd4 26. Rxd4 b3 27. Bc4
c5 28. Rd7+ Ke8 29. Bxe6 Ra8 30. Rd2 Rb8 31. Bc4 Ke7 32. Kf1 f5 33. f4 h6 34.
Kf2 Kf6 35. Rd6+ Ke7 36. Rc6 g5 37. Rxc5 gxf4 38. Rxf5 Ra8 39. Bxb3 Rb8 40. Bd5
Rxb2+ 41. Kf3 Kd6 42. c4 Ke7 43. Rxf4 Rd2 44. Rf7+ Kd6 45. Rf6+ Ke5 46. Rxh6
Kf5 47. Rh5+ Kg6 48. Re5 Kh6 49. h4 Rd4 50. g3 Rd1 51. Kg4 Rd4+ 52. Re4 Rd1 53.
Re6+ Kg7 54. Kg5 Rg1 55. g4 Ra1 56. Re7+ Kh8 57. Re6 Ra7 58. h5 Ra5 59. Kh6 Ra6
60. Kg5 Ra7 61. h6 Rd7 62. Kh5 Re7 63. g5 Rd7 64. Re8+ Kh7 65. g6# {Normal} 1-0

[Event "Rated Blitz game"]
[Site "?"]
[Date "2021.05.28"]
[Round "?"]
[White "GNDrNyktarstein"]
[Black "amir_Zaibi"]
[Result "0-1"]
[WhiteElo "2492"]
[BlackElo "2650"]
[PlyCount "126"]
[EventDate "2021.??.??"]
[EventType "blitz"]

1. e4 e5 2. Nf3 d5 3. d3 dxe4 4. dxe4 Qxd1+ 5. Kxd1 Nc6 6. Bb5 Bd6 7. Nc3 Nf6
8. Bg5 Bg4 9. Bxf6 gxf6 10. Bxc6+ bxc6 11. Ke2 Rb8 12. b3 Ke7 13. h3 Bxf3+ 14.
Kxf3 Rhd8 15. Rad1 Bb4 16. Ne2 Bd2 17. Ng3 Ke6 18. Ke2 Bf4 19. Nf5 Rd7 20. g3
Bg5 21. c4 Rbd8 22. Rxd7 Rxd7 23. Ng7+ Ke7 24. Rd1 Rxd1 25. Kxd1 f5 26. Nxf5+
Kd7 27. h4 Bf6 28. Kd2 c5 29. Kc3 Kc6 30. Ne3 Bd8 31. Nd5 Kd6 32. a3 a6 33. b4
c6 34. bxc5+ Kxc5 35. Ne3 Ba5+ 36. Kd3 Be1 37. Ke2 Bc3 38. f4 Bd4 39. Nf5 Kxc4
40. Nd6+ Kb3 41. Nxf7 Kxa3 42. fxe5 Kb4 43. e6 Bf6 44. e5 Be7 45. Ng5 a5 46.
Nxh7 a4 47. g4 a3 48. g5 a2 49. g6 a1=Q 50. g7 Qxe5+ 51. Kd2 Qxg7 52. Ng5 Bxg5+
53. hxg5 Qxg5+ 54. Ke2 Qe5+ 55. Kf3 Qxe6 56. Kg3 Kc4 57. Kg2 Kd3 58. Kf2 Qe3+
59. Kg2 Ke4 60. Kh2 Qf3 61. Kg1 Qe2 62. Kh1 Kf3 63. Kg1 Qg2# {Normal} 0-1

[Event "Rated Blitz game"]
[Site "?"]
[Date "2021.05.28"]
[Round "?"]
[White "riserman"]
[Black "KinzyabulatovRenat"]
[Result "1-0"]
[WhiteElo "2405"]
[BlackElo "2385"]
[PlyCount "83"]
[EventDate "2021.??.??"]
[EventType "blitz"]

1. e4 e5 2. Nf3 d5 3. exd5 e4 4. Qe2 Nf6 5. d3 Qxd5 6. Nc3 Bb4 7. dxe4 Qxe4 8.
Qxe4+ Nxe4 9. Bd2 Nxd2 10. Nxd2 O-O 11. Bd3 Re8+ 12. Kd1 Bc5 13. Nce4 Bb6 14.
f3 f5 15. Ng3 g6 16. Nc4 Bd4 17. c3 Bf6 18. Kc2 Nc6 19. Rhe1 Be6 20. Nd2 Kg7
21. a4 a6 22. Re2 Bf7 23. Rae1 h5 24. f4 h4 25. Rxe8 Rxe8 26. Rxe8 Bxe8 27. Ne2
Bf7 28. g3 Bd5 29. Ng1 Bg2 30. Ngf3 h3 31. Bf1 Ne7 32. Ng1 Nd5 33. Kd3 g5 34.
fxg5 Bxg5 35. Nxh3 Bxh3 36. Bxh3 Kf6 37. Bg2 c6 38. Bxd5 cxd5 39. Nf3 Bc1 40.
b4 b6 41. h3 a5 42. bxa5 {Time forfeit} 1-0

[Event "Rated Blitz game"]
[Site "?"]
[Date "2021.05.28"]
[Round "?"]
[White "sheldem"]
[Black "olarovfan"]
[Result "0-1"]
[WhiteElo "2405"]
[BlackElo "2587"]
[PlyCount "116"]
[EventDate "2021.??.??"]
[EventType "blitz"]

1. e4 e5 2. Nf3 d5 3. exd5 e4 4. Qe2 Nf6 5. Nc3 Bf5 6. Ng5 Qe7 7. d3 exd3 8.
Qxe7+ Bxe7 9. Bxd3 Bxd3 10. cxd3 Nbd7 11. Be3 O-O 12. O-O-O Bb4 13. a3 Bxc3 14.
bxc3 Nxd5 15. Bd2 Ne5 16. Kc2 h6 17. Ne4 b6 18. Rhe1 Rfe8 19. f4 Ng4 20. h3
Ngf6 21. Nxf6+ Nxf6 22. Rxe8+ Rxe8 23. Re1 Rxe1 24. Bxe1 b5 25. c4 bxc4 26.
dxc4 Kf8 27. Bb4+ Ke8 28. Bc3 Kd7 29. Bxf6 gxf6 30. Kd3 f5 31. Kd4 Kd6 32. c5+
Ke6 33. g4 f6 34. Kc4 c6 35. Kd4 a6 36. a4 a5 37. Kc4 fxg4 38. hxg4 f5 39. g5
hxg5 40. fxg5 Kf7 41. Kd4 Kg6 42. Ke5 Kxg5 43. Kd6 f4 44. Kxc6 f3 45. Kb6 f2
46. c6 f1=Q 47. c7 Qc4 48. Kb7 Qd5+ 49. Kb8 Qd6 50. Kb7 Qd7 51. Kb8 Qd6 52. Kb7
Qb4+ 53. Ka8 Qc5 54. Kb8 Qb6+ 55. Ka8 Qc6+ 56. Kb8 Qxa4 57. c8=Q Qb4+ 58. Ka7
Kf4 {Time forfeit} 0-1

[Event "Rated Blitz tournament yUtxxxGL"]
[Site "?"]
[Date "2021.05.28"]
[Round "?"]
[White "maratgil"]
[Black "dr_xStranger"]
[Result "0-1"]
[WhiteElo "2391"]
[BlackElo "2485"]
[PlyCount "130"]
[EventDate "2021.??.??"]
[EventType "blitz"]

1. e4 e5 2. Nf3 d5 3. Nxe5 Bd6 4. d4 dxe4 5. Nc4 Nf6 6. Be2 O-O 7. O-O Re8 8.
Bg5 Nc6 9. c3 h6 10. Bh4 g5 11. Bg3 Nd5 12. Nbd2 Bxg3 13. hxg3 e3 14. fxe3 Nxe3
15. Nxe3 Rxe3 16. Rf3 Qe7 17. Bb5 Bg4 18. Bxc6 bxc6 19. Kf2 Bxf3 20. Nxf3 Re8
21. Ne5 Rxe5 22. dxe5 Qxe5 23. Qf3 Re6 24. Kg1 Rf6 25. Qg4 Kg7 26. Rd1 Qe3+ 27.
Kh2 Rf2 28. Rd7 Rf1 29. Qd4+ Qxd4 30. cxd4 Rb1 31. Rxc7 Rxb2 32. Rxa7 Rd2 33.
Ra6 Rxd4 34. Rxc6 Rd2 35. Ra6 f6 36. a4 Kg6 37. Kg1 h5 38. Kh2 Ra2 39. Ra8 Kf5
40. Ra5+ Kg4 41. Ra6 f5 42. Ra8 h4 43. gxh4 Kxh4 44. a5 f4 45. Rh8+ Kg4 46. Rh3
Rxa5 47. Rb3 Re5 48. Rf3 Re3 49. Rf1 Re2 50. Rf3 Kf5 51. Ra3 g4 52. Ra5+ Re5
53. Ra4 Rb5 54. Rc4 Rb2 55. Rc5+ Kg6 56. Rc6+ Kg5 57. Rc5+ Kh4 58. Kg1 Kg3 59.
Rc3+ f3 60. gxf3 gxf3 61. Rc1 Rg2+ 62. Kh1 Rh2+ 63. Kg1 f2+ 64. Kf1 Rh1+ 65.
Ke2 Rxc1 {Normal} 0-1

[Event "Rated Blitz game"]
[Site "?"]
[Date "2021.05.28"]
[Round "?"]
[White "limosity"]
[Black "GoughPhar"]
[Result "1-0"]
[WhiteElo "2361"]
[BlackElo "2458"]
[PlyCount "91"]
[EventDate "2021.??.??"]
[EventType "blitz"]

1. e4 e5 2. Nf3 d5 3. Nxe5 Bd6 4. d4 dxe4 5. Nc3 Bxe5 6. dxe5 Qxd1+ 7. Kxd1 Nc6
8. Bb5 Bg4+ 9. Ke1 O-O-O 10. Bxc6 bxc6 11. h3 Bh5 12. g4 Bg6 13. Be3 h5 14. Ke2
hxg4 15. hxg4 Nh6 16. Bxh6 gxh6 17. Ke3 Rde8 18. Kf4 Re6 19. Rae1 f6 20. Nxe4
fxe5+ 21. Kg3 h5 22. Rh4 Rg8 23. Nc5 Ree8 24. c3 Bf5 25. f3 e4 26. Rxh5 Bg6 27.
Rg5 exf3 28. Rxg6 f2 29. Rxe8+ Rxe8 30. Kxf2 a5 31. Nb3 a4 32. Nd4 c5 33. Ne6
Kb8 34. Nxc5 Rd8 35. Ke3 a3 36. bxa3 Rd1 37. Ne6 Re1+ 38. Kd4 Ra1 39. Kc5 Rxa2
40. Rg8+ Ka7 41. Nxc7 Kb7 42. Nb5 Rf2 43. Rg7+ Kc8 44. Nd6+ Kd8 45. Kc6 Rf3 46.
Rd7# {Normal} 1-0

[Event "Rated Rapid game"]
[Site "?"]
[Date "2021.05.28"]
[Round "?"]
[White "Hammurapi65"]
[Black "Gmjaknour"]
[Result "1-0"]
[WhiteElo "2607"]
[BlackElo "2422"]
[PlyCount "58"]
[EventDate "2021.??.??"]
[EventType "rapid"]

1. e4 e5 2. Nf3 d5 3. d3 dxe4 4. dxe4 Qxd1+ 5. Kxd1 Nc6 6. c3 Bg4 7. Be2 O-O-O+
8. Kc2 Nf6 9. h3 Be6 10. Bg5 Be7 11. Nbd2 Rd7 12. Bb5 h6 13. Be3 a6 14. Bxc6
bxc6 15. Nxe5 Rxd2+ 16. Bxd2 Nxe4 17. Nxc6 Bf6 18. Be3 Kb7 19. Nd4 Bxd4 20.
Bxd4 Bf5 21. Kb3 Nd2+ 22. Ka3 f6 23. b3 Re8 24. Rhe1 Rd8 25. Rad1 Ne4 26. g4
Bh7 27. Kb2 Bg6 28. Be3 Re8 29. Rd7 Nxf2 {Normal} 1-0

[Event "Rated Blitz tournament R7FgPTLM"]
[Site "?"]
[Date "2021.05.28"]
[Round "?"]
[White "AgusSs11_KBPL"]
[Black "Major_PCI"]
[Result "1-0"]
[WhiteElo "2458"]
[BlackElo "2384"]
[PlyCount "109"]
[EventDate "2021.??.??"]
[EventType "blitz"]

1. e4 e5 2. Nf3 d5 3. exd5 e4 4. Qe2 Be7 5. Qxe4 Nf6 6. Qa4+ Nbd7 7. Nc3 O-O 8.
Be2 Nb6 9. Qb3 Nbxd5 10. Nxd5 Nxd5 11. d4 Bf5 12. Bd2 a5 13. a4 Re8 14. O-O Bb4
15. Bc4 Be6 16. Bxb4 Nxb4 17. Bxe6 Rxe6 18. c3 Nd5 19. Rfe1 Rxe1+ 20. Rxe1 b6
21. Ne5 Qd6 22. Nc4 Qc6 23. Ne3 Nf4 24. d5 Qg6 25. Qc4 Nd3 26. Re2 Re8 27. g3
Nc5 28. b4 Qb1+ 29. Kg2 Re4 30. Qb5 axb4 31. a5 b3 32. axb6 cxb6 33. Qxb6 Nd7
34. Qb7 Nf6 35. d6 Re8 36. d7 Rd8 37. Nd5 Nxd7 38. Qxd7 Rf8 39. Re8 g6 40.
Rxf8+ Kxf8 41. Qd8+ Kg7 42. Qf6+ Kg8 43. Qe5 Qd3 44. Nf6+ Kf8 45. Nxh7+ Kg8 46.
Nf6+ Kf8 47. g4 b2 48. g5 Qd8 49. Nh7+ Kg8 50. Nf6+ Kf8 51. Qc5+ Kg7 52. Qb4
Qa8+ 53. f3 Qa1 54. Qb8 Qa2 55. Qg8# {Normal} 1-0

[Event "Rated Blitz game"]
[Site "?"]
[Date "2021.05.28"]
[Round "?"]
[White "garri1976"]
[Black "blackwolfrun"]
[Result "1/2-1/2"]
[WhiteElo "2447"]
[BlackElo "2291"]
[PlyCount "63"]
[EventDate "2021.??.??"]
[EventType "blitz"]

1. e4 e5 2. Nf3 d5 3. exd5 e4 4. Qe2 Nf6 5. d3 Qxd5 6. Nc3 Bb4 7. Bd2 Bxc3 8.
Bxc3 O-O 9. dxe4 Nxe4 10. Qd3 Nxc3 11. bxc3 Re8+ 12. Be2 Qxd3 13. cxd3 Bf5 14.
Kd2 Nc6 15. d4 Rad8 16. Bb5 Be4 17. Rhe1 Bxf3 18. gxf3 Rxe1 19. Rxe1 Kf8 20.
Bxc6 bxc6 21. Rb1 Ke7 22. Rb7 Kd6 23. Rxa7 Rb8 24. Kc2 Rb5 25. a4 Rf5 26. a5
Rxf3 27. a6 Rxf2+ 28. Kb3 Rf1 29. Kb2 Rf2+ 30. Kb3 Rf1 31. Kb2 Rf2+ 32. Kb3 {
Normal} 1/2-1/2

[Event "Rated Blitz game"]
[Site "?"]
[Date "2021.05.28"]
[Round "?"]
[White "Finally_I_Won"]
[Black "magos33"]
[Result "0-1"]
[WhiteElo "2461"]
[BlackElo "2382"]
[PlyCount "104"]
[EventDate "2021.??.??"]
[EventType "blitz"]

1. e4 e5 2. Nf3 d5 3. exd5 e4 4. Nd4 Qxd5 5. Nb3 Nf6 6. Nc3 Qe5 7. Bc4 Bd6 8.
Qe2 O-O 9. Nb5 Nc6 10. Nxd6 cxd6 11. O-O d5 12. Bb5 a6 13. Bxc6 bxc6 14. d4 Qf5
15. Nc5 Nd7 16. Nb3 Qg6 17. c3 f5 18. Bf4 a5 19. Rfc1 a4 20. Nd2 Ba6 21. Qe1 h6
22. Nf1 Qf6 23. Nd2 g5 24. Bc7 Bd3 25. c4 Rfc8 26. cxd5 Rxc7 27. dxc6 Rxc6 28.
Rxc6 Qxc6 29. Rc1 Qd5 30. Nf1 f4 31. Qc3 Nb6 32. Qb4 Nc4 33. b3 axb3 34. axb3
Nd6 35. Rc5 Qf7 36. Rc1 Rd8 37. Qb6 Rd7 38. Nd2 Nf5 39. Rc8+ Kg7 40. Qc5 Rd5
41. Qc3 Nxd4 42. Rc7 Rd7 43. Rc8 Kh7 44. f3 Ne2+ 45. Kf2 Nxc3 46. Rh8+ Kxh8 47.
Kg1 e3 48. Kh1 exd2 49. h3 Qh5 50. Kh2 Qh4 51. b4 d1=Q 52. b5 Qg3# {Normal} 0-1

[Event "Rated Blitz tournament EaQVX4SQ"]
[Site "?"]
[Date "2021.05.28"]
[Round "?"]
[White "Kastorcito"]
[Black "Lur15"]
[Result "1-0"]
[WhiteElo "2706"]
[BlackElo "2393"]
[PlyCount "75"]
[EventDate "2021.??.??"]
[EventType "blitz"]

1. e4 e5 2. Nf3 d5 3. d4 dxe4 4. Nxe5 Bd6 5. Nc4 Nf6 6. Nc3 h6 7. Nxd6+ Qxd6 8.
Nb5 Qd8 9. c4 O-O 10. Bf4 Na6 11. Qd2 c6 12. Nc3 Nc7 13. Be2 Ne6 14. Be3 b6 15.
O-O c5 16. d5 Nc7 17. f3 Bf5 18. Bf4 Nce8 19. Rae1 Nd6 20. Be5 Bg6 21. Bxf6
gxf6 22. fxe4 Kg7 23. Qf4 Re8 24. Bd3 Re5 25. Re3 Qe7 26. Ref3 f5 27. exf5 Nxf5
28. Bxf5 Rxf5 29. Qe3 Re5 30. Qf2 Re8 31. h3 Rg5 32. Kh1 Qe5 33. Rf4 f5 34. Rf3
Qd4 35. Nb5 Qxc4 36. Nd6 Qxd5 37. Nxe8+ Bxe8 38. Rxf5 {Normal} 1-0

[Event "Rated Blitz game"]
[Site "?"]
[Date "2021.05.28"]
[Round "?"]
[White "heretomakeit"]
[Black "PrawnsGambit"]
[Result "0-1"]
[WhiteElo "2577"]
[BlackElo "2458"]
[PlyCount "36"]
[EventDate "2021.??.??"]
[EventType "blitz"]

1. e4 e5 2. Nf3 d5 3. Nxe5 Bd6 4. d4 dxe4 5. Nc4 Be7 6. Nc3 Nf6 7. Ne3 O-O 8.
Be2 Nc6 9. d5 Ne5 10. O-O Re8 11. Qd4 Bd6 12. Rd1 Bg4 13. Nxg4 Nfxg4 14. h3 f5
15. hxg4 Qh4 16. Bb5 Nf3+ 17. gxf3 Qh2+ 18. Kf1 exf3 {Normal} 0-1

[Event "Rated Blitz game"]
[Site "?"]
[Date "2021.05.28"]
[Round "?"]
[White "Shaginyan_A"]
[Black "blastol"]
[Result "1-0"]
[WhiteElo "2424"]
[BlackElo "2400"]
[PlyCount "99"]
[EventDate "2021.??.??"]
[EventType "blitz"]

1. e4 e5 2. Nf3 d5 3. Nxe5 Bd6 4. d4 dxe4 5. Nc4 Nf6 6. Nxd6+ Qxd6 7. c3 O-O 8.
Be2 Nc6 9. O-O Bf5 10. Nd2 Nd5 11. Nc4 Qg6 12. Kh1 Rad8 13. Bh5 Qe6 14. Ne3 Nf4
15. Nxf5 Qxf5 16. Bg4 Qf6 17. g3 Ng6 18. f3 Qe7 19. fxe4 Qxe4+ 20. Bf3 Qe6 21.
Qb3 Qxb3 22. axb3 Rd6 23. Bxc6 Rxc6 24. Rxa7 Rb6 25. b4 Ne7 26. Re1 Nd5 27. Kg2
h6 28. Re5 c6 29. Bd2 f6 30. Re4 Rf7 31. Ra8+ Kh7 32. Ree8 Kg6 33. Re1 Nc7 34.
Raa1 Ra6 35. Rxa6 Nxa6 36. Ra1 Rd7 37. Bf4 Kf5 38. Kf3 g5 39. g4+ Ke6 40. Bd2
Kd5 41. b3 Nc7 42. Ra5+ Kd6 43. Ra7 Nd5 44. Ra8 Re7 45. Rd8+ Kc7 46. Rh8 Nb6
47. Rxh6 Re6 48. Bxg5 Nd7 49. Bd2 Kd6 50. Rh7 {Time forfeit} 1-0

[Event "Rated Blitz game"]
[Site "?"]
[Date "2021.05.28"]
[Round "?"]
[White "castrong"]
[Black "ieks"]
[Result "1-0"]
[WhiteElo "2376"]
[BlackElo "2419"]
[PlyCount "101"]
[EventDate "2021.??.??"]
[EventType "blitz"]

1. e4 e5 2. Nf3 d5 3. exd5 Bd6 4. Nc3 f5 5. d3 Nf6 6. Bg5 O-O 7. Be2 Nbd7 8.
O-O h6 9. Bd2 Nb6 10. d4 e4 11. Ne5 Nbxd5 12. Nxd5 Nxd5 13. Bc4 c6 14. Bb3 Be6
15. f4 Qe8 16. c4 Nf6 17. Qe2 Rd8 18. Rae1 c5 19. d5 Bc8 20. Bc3 Nd7 21. Ba4
Qe7 22. Bxd7 Bxd7 23. Ng6 Qf7 24. Nxf8 Rxf8 25. Be5 Qe7 26. Bc3 Re8 27. Qe3 b6
28. Qg3 Rf8 29. Re3 Rf7 30. Qe1 Qf8 31. Rg3 Kh7 32. Qe3 g5 33. Rh3 Bxf4 34.
Rxf4 gxf4 35. Qxf4 Re7 36. Qd6 Rf7 37. Qe5 f4 38. Qxe4+ Bf5 39. Qf3 Bxh3 40.
Qxh3 f3 41. gxf3 Rxf3 42. Qd7+ Rf7 43. Qh3 Qg8+ 44. Qg2 Qf8 45. Qe4+ Rf5 46. d6
Qg8+ 47. Kh1 Qg6 48. Qe7+ Rf7 49. Qe1 Qg4 50. Qb1+ Rf5 51. Qxf5+ {Time forfeit}
1-0

[Event "Rated Blitz game"]
[Site "?"]
[Date "2021.05.28"]
[Round "?"]
[White "vicven67"]
[Black "BrutusI"]
[Result "1/2-1/2"]
[WhiteElo "2446"]
[BlackElo "2272"]
[PlyCount "83"]
[EventDate "2021.??.??"]
[EventType "blitz"]

1. e4 e5 2. Nf3 d5 3. d4 dxe4 4. Nxe5 Bd6 5. Nc4 Nf6 6. Be2 Nc6 7. Nxd6+ Qxd6
8. Be3 O-O 9. O-O Nd5 10. c4 Nxe3 11. fxe3 f5 12. g3 Qh6 13. Qc1 Bd7 14. Nc3
Ne7 15. b4 Qg5 16. Kh1 h5 17. Rf4 Ng6 18. Rf2 c6 19. Qd2 Rad8 20. Rg1 Kh7 21.
h4 Qh6 22. Re1 Bc8 23. a4 Ne5 24. Rf4 Be6 25. Qa2 Ng4 26. Bxg4 fxg4 27. Ref1
Rxf4 28. Rxf4 g5 29. hxg5 Qxg5 30. Nxe4 Qg6 31. Qe2 h4 32. Nf6+ Kg7 33. Nxg4
hxg3 34. Kg2 Rh8 35. Qf3 Qc2+ 36. Kxg3 Rh5 37. Rf7+ Bxf7 38. Qf6+ Kf8 39. Qd8+
Kg7 40. Qf6+ Kf8 41. Qd6+ Kg7 42. Qf6+ {Normal} 1/2-1/2

[Event "Rated Blitz tournament N6wT9MH1"]
[Site "?"]
[Date "2021.05.28"]
[Round "?"]
[White "AryaHakasa"]
[Black "om_gendut"]
[Result "1-0"]
[WhiteElo "2378"]
[BlackElo "2417"]
[PlyCount "77"]
[EventDate "2021.??.??"]
[EventType "blitz"]

1. e4 e5 2. Nf3 d5 3. Nxe5 Bd6 4. d4 dxe4 5. Nc4 Be7 6. Nc3 Nf6 7. Bg5 Bf5 8.
Be2 O-O 9. O-O Bg6 10. Ne5 Bf5 11. Bc4 Nbd7 12. Re1 h6 13. Bh4 c6 14. a4 a5 15.
Qe2 Nb6 16. Rad1 Nbd5 17. h3 Nf4 18. Qd2 N4d5 19. Bb3 Bb4 20. f3 exf3 21. Nxf3
Be6 22. Qf2 Be7 23. Ne5 Nd7 24. Bxe7 Nxe7 25. Bxe6 fxe6 26. Qe2 Nf5 27. Qc4 Re8
28. Nf3 Nf8 29. Ne4 Qc7 30. Nc5 Qf7 31. Ne5 Qc7 32. Rf1 Nd6 33. Qb3 b6 34.
Rxf8+ Rxf8 35. Nxe6 Qe7 36. Nxf8+ Kxf8 37. Ng6+ Ke8 38. Nxe7 Kxe7 39. Re1+ {
Normal} 1-0

[Event "Rated Blitz game"]
[Site "?"]
[Date "2021.05.28"]
[Round "?"]
[White "hmnotanatix"]
[Black "PrawnsGambit"]
[Result "0-1"]
[WhiteElo "2471"]
[BlackElo "2458"]
[PlyCount "102"]
[EventDate "2021.??.??"]
[EventType "blitz"]

1. e4 e5 2. Nf3 d5 3. exd5 e4 4. Qe2 Nf6 5. c4 Be7 6. Nd4 c6 7. Nc3 O-O 8. Nxe4
cxd5 9. cxd5 Nxd5 10. d3 Nb4 11. Be3 f5 12. a3 Nd5 13. Nc3 f4 14. Bd2 Bf6 15.
Ne6 Nxc3 16. Bxc3 Bxc3+ 17. bxc3 Bxe6 18. Qxe6+ Kh8 19. Be2 Re8 20. Qg4 Qe7 21.
O-O-O Qxa3+ 22. Kc2 Nc6 23. Rb1 Qc5 24. Kd2 Qxf2 25. Rhf1 Qe3+ 26. Kd1 Ne5 27.
Qxf4 Nc4 28. Qxe3 Nxe3+ 29. Kd2 Nxf1+ 30. Rxf1 b6 31. Bf3 Rad8 32. d4 g6 33.
Ra1 Re7 34. Kd3 Kg7 35. c4 h5 36. d5 Kh6 37. h3 g5 38. Kd4 Rg7 39. g4 Rf8 40.
Be4 Rf4 41. Ke5 Re7+ 42. Kd6 Rexe4 43. Rxa7 hxg4 44. hxg4 Rxc4 45. Rb7 Rxg4 46.
Rxb6 Rgd4 47. Ke5+ Kh5 48. d6 Rd1 49. Rb8 Rcd4 50. Kf5 Rxd6 51. Rh8+ Rh6 {
Time forfeit} 0-1

[Event "Rated Blitz game"]
[Site "?"]
[Date "2021.05.28"]
[Round "?"]
[White "SHIELD2020"]
[Black "PrawnsGambit"]
[Result "1-0"]
[WhiteElo "2637"]
[BlackElo "2467"]
[PlyCount "149"]
[EventDate "2021.??.??"]
[EventType "blitz"]

1. e4 e5 2. Nf3 d5 3. Nc3 d4 4. Nb1 Bd6 5. Bc4 Ne7 6. d3 O-O 7. c3 c5 8. O-O
Nbc6 9. Bg5 h6 10. Bxe7 Qxe7 11. cxd4 cxd4 12. h3 Be6 13. Nbd2 Bd7 14. a3 a6
15. Bd5 Rac8 16. Rc1 b5 17. b4 Nd8 18. Nb3 Ne6 19. Bb7 Rxc1 20. Qxc1 Nf4 21.
Qd2 Qf6 22. Ne1 Bxh3 23. gxh3 Nxh3+ 24. Kh2 Qh4 25. Ng2 Qg4 26. f3 Qd7 27. Bd5
Ng5 28. Kg1 Nh3+ 29. Kh2 Ng5 30. Ne1 Kh8 31. Qg2 f5 32. Rh1 a5 33. Qxg5 Rf6 34.
Qg2 axb4 35. axb4 Bxb4 36. Nc2 Bc3 37. Kg1 Qa7 38. Kf2 Qa2 39. Nbxd4 Bxd4+ 40.
Kf1 fxe4 41. Bxa2 Rxf3+ 42. Qxf3 exf3 43. Nxd4 exd4 44. Kf2 g5 45. Kxf3 Kg7 46.
Kg4 Kf6 47. Rxh6+ Ke5 48. Rb6 b4 49. Rxb4 Kd6 50. Rxd4+ Kc5 51. Re4 Kc6 52.
Kxg5 Kc5 53. Rd4 Kxd4 54. Bc4 Ke5 55. Kg4 Kd4 56. Kf3 Ke5 57. Ke3 Kd6 58. d4
Kd7 59. Ke4 Kd6 60. d5 Kc5 61. Ke5 Kb6 62. d6 Kc6 63. Ke6 Kc5 64. d7 Kb4 65.
Ke7 Kc3 66. d8=Q Kc2 67. Qd6 Kc1 68. Qd5 Kc2 69. Qd4 Kb1 70. Kd6 Kc1 71. Kc5
Kb1 72. Kb4 Kc1 73. Qf2 Kd1 74. Kc3 Kc1 75. Qc2# {Normal} 1-0

[Event "Rated Blitz game"]
[Site "?"]
[Date "2021.05.28"]
[Round "?"]
[White "Abdulla_Huseyn"]
[Black "ieks"]
[Result "0-1"]
[WhiteElo "2240"]
[BlackElo "2413"]
[PlyCount "42"]
[EventDate "2021.??.??"]
[EventType "blitz"]

1. e4 e5 2. Nf3 d5 3. exd5 Bd6 4. Nc3 f5 5. d3 Nf6 6. Bg5 O-O 7. Bxf6 Qxf6 8.
Be2 Nd7 9. O-O Nb6 10. a3 Bd7 11. d4 e4 12. Ne5 Bxe5 13. dxe5 Qxe5 14. Qd2 f4
15. Rad1 f3 16. gxf3 exf3 17. Bb5 Bxb5 18. Nxb5 Qe8 19. Qd3 Nxd5 20. Qxd5+ Kh8
21. Rfe1 Qg6+ {Normal} 0-1

[Event "Rated Blitz game"]
[Site "?"]
[Date "2021.05.28"]
[Round "?"]
[White "ExtremeChess2020"]
[Black "mirekkk14"]
[Result "1-0"]
[WhiteElo "2516"]
[BlackElo "2428"]
[PlyCount "79"]
[EventDate "2021.??.??"]
[EventType "blitz"]

1. e4 e5 2. Nf3 d5 3. Nxe5 dxe4 4. d4 exd3 5. Qxd3 Qxd3 6. Bxd3 Be6 7. O-O Nf6
8. Nc3 Nbd7 9. Nxd7 Nxd7 10. Nb5 Bd6 11. Nxd6+ cxd6 12. Rd1 O-O-O 13. Be3 a6
14. Be2 Kc7 15. c4 h5 16. h3 Ne5 17. b3 d5 18. Bf4 f6 19. cxd5 Rxd5 20. Bf3
Rxd1+ 21. Rxd1 g5 22. Rc1+ Kb8 23. Bxe5+ fxe5 24. Re1 g4 25. hxg4 hxg4 26. Rxe5
gxf3 27. Rxe6 fxg2 28. Kxg2 Rg8+ 29. Kf1 Rh8 30. Rd6 Rh1+ 31. Ke2 Ra1 32. Rd2
b5 33. Ke3 Re1+ 34. Kf4 Kc7 35. Kf5 Kc6 36. f4 Kc5 37. Kf6 Kb4 38. f5 Kc3 39.
Rg2 a5 40. Kf7 {Normal} 1-0

[Event "Rated Blitz game"]
[Site "?"]
[Date "2021.05.28"]
[Round "?"]
[White "Zohrak1995"]
[Black "PrawnsGambit"]
[Result "0-1"]
[WhiteElo "2470"]
[BlackElo "2451"]
[PlyCount "68"]
[EventDate "2021.??.??"]
[EventType "blitz"]

1. e4 e5 2. Nf3 d5 3. exd5 e4 4. Qe2 Nf6 5. Nc3 Be7 6. Nxe4 O-O 7. d3 Nxd5 8.
Bd2 f5 9. Nc3 Nxc3 10. Bxc3 c5 11. O-O-O Nc6 12. Ne5 Bf6 13. Nxc6 bxc6 14. Bxf6
Qxf6 15. Qd2 Rb8 16. Qc3 Qf7 17. Kb1 Be6 18. a3 Bd5 19. Rg1 Rb6 20. Be2 Rfb8
21. Bf3 Rxb2+ 22. Qxb2 Rxb2+ 23. Kxb2 Bxf3 24. gxf3 Qd5 25. Rd2 Qxf3 26. Re1
Qf4 27. Re8+ Kf7 28. Rde2 Qxh2 29. R8e7+ Kf6 30. R2e6+ Kg5 31. Rxg7+ Kf4 32.
Rxc6 h5 33. Rxc5 Qxf2 34. Rf7 Qxc5 {Normal} 0-1